| 000 | 01169na a2200313 4500 | ||
|---|---|---|---|
| 001 | 22360 | ||
| 003 | MIRAKIL | ||
| 005 | 20181213155205.0 | ||
| 008 | 170213b tu 000 0 | ||
| 020 | _a9756285281 | ||
| 040 |
_aMilas _btur _cTR-AnCHP |
||
| 041 | _atur | ||
| 082 |
_a327.56105 _bU48t 2006 |
||
| 090 | _a327.56105 U48t 2006 | ||
| 111 |
_aUluslararası Türk-Asya kongresi _cİstanbul _d25-27 Mayıs 2006 _n1. |
||
| 245 |
_aTürkiye ve Asya Ülkeleri _bSiyasi ve ekonomik ilişkiler _bAvrasya-Ortadoğu-Uzakdoğu _ceditörler: Atilla Sandıklı, Elnur Osmanov, Ufuk Tepebaş, Arzu Yorkan |
||
| 246 | _aAvrasya-Ortadoğu-Uzakdoğu | ||
| 246 | _aSiyasi ve ekonomik ilişkiler | ||
| 260 |
_aİstanbul _bTasam Yayınları _c2006 |
||
| 300 |
_a432 s. _c23 sm. |
||
| 440 |
_aTasam yayınları _n25 |
||
| 490 |
_aUlusulararası İlişkiler Serisi _v11 |
||
| 650 |
_aTürkiye _xSiyasi ve ekonomik ilişkiler _yOrtadoğu |
||
| 650 |
_aTürkiye _xSiyasi ve ekonomik ilişkiler _yAsya Ülkeleri |
||
| 650 |
_aTürkiye _xDış ilişkiler _yAsya ülkeleri |
||
| 740 | _aAvrasya- Ortadoğu-Uzakdoğu | ||
| 740 | _aSiyasi ve ekonomik ilişkiler | ||
| 942 |
_2ddc _cBKS |
||
| 999 |
_c8269 _d8269 |
||